Eastern Utah Libraries Catalog: Duchesne, Heber, Roosevelt, & Vernal

Refugee : (Record no. 412043)

MARC details
000 -LEADER
fixed length control field 02633pam a2200553 i 4500
001 - CONTROL NUMBER
control field 2025003351
003 - CONTROL NUMBER IDENTIFIER
control field DLC
005 - DATE AND TIME OF LATEST TRANSACTION
control field 20251001100810.0
008 - FIXED-LENGTH DATA ELEMENTS--GENERAL INFORMATION
fixed length control field 250225s2025 nyuab c 6 000 0deng
010 ## - LIBRARY OF CONGRESS CONTROL NUMBER
LC control number 2025003351
020 ## - INTERNATIONAL STANDARD BOOK NUMBER
International Standard Book Number 9781338733969
Qualifying information (paperback)
020 ## - INTERNATIONAL STANDARD BOOK NUMBER
International Standard Book Number 9781338733976
Qualifying information (hardback)
020 ## - INTERNATIONAL STANDARD BOOK NUMBER
Cancelled/invalid ISBN 9781338733983
Qualifying information (ebook)
035 ## - SYSTEM CONTROL NUMBER
System control number (OCoLC)1472980474
040 ## - CATALOGING SOURCE
Original cataloging agency DLC
Language of cataloging eng
Description conventions rda
Transcribing agency DLC
Modifying agency TnLvILS
042 ## - AUTHENTICATION CODE
Authentication code pcc
-- cyac
050 00 - LIBRARY OF CONGRESS CALL NUMBER
Classification number PZ7.7.G7297
Item number Re 2025
082 00 - DEWEY DECIMAL CLASSIFICATION NUMBER
Classification number 741.5/973
Edition number 23/eng/20250225
100 1# - MAIN ENTRY--PERSONAL NAME
Personal name Gratz, Alan,
Dates associated with a name 1972-
Relator term author.
245 10 - TITLE STATEMENT
Title Refugee :
Remainder of title the graphic novel /
Statement of responsibility, etc by Alan Gratz ; art by Syd Fini ; color by Neda Kazemifar.
250 ## - EDITION STATEMENT
Edition statement First edition.
264 #1 - Production, Publication, Distribution, Manufacture, and Copyright Notice.
Place of production, publication, distribution, manufacture New York, NY :
Name of producer, publisher, distributor, manufacturer Graphix, an imprint of Scholastic,
Date of production, publication, distribution, manufacture, or copyr 2025.
300 ## - PHYSICAL DESCRIPTION
Extent 165 pages :
Other physical details color illustrations, color maps ;
Dimensions 23 cm
336 ## - Content Type
Content type term text
336 ## - Content Type
Content type term still image
337 ## - Media type
Media type term unmediated
338 ## - Carrier type
Carrier type term volume
385 ## -
-- age
-- Children
-- (DLC)dg2015060010
-- lcdgt
521 ## - TARGET AUDIENCE NOTE
Target audience note Ages 9-12.
Source Graphix, an imprint of Scholastic.
521 ## - TARGET AUDIENCE NOTE
Target audience note Grades 4-6.
Source Graphix, an imprint of Scholastic.
520 ## - SUMMARY, ETC.
Summary, etc Although separated by continents and decades, Josef, a Jewish boy livng in 1930s Nazi Germany; Isabel, a Cuban girl trying to escape the riots and unrest plaguing her country in 1994; and Mahmoud, a Syrian boy in 2015 whose homeland is torn apart by violence and destruction, embark on harrowing journeys in search of refuge, discovering shocking connections that tie their stories together.
600 10 - SUBJECT ADDED ENTRY--PERSONAL NAME
Personal name Gratz, Alan,
Dates associated with a name 1972-
Form subdivision Adaptations.
9 (RLIN) 6552967
650 #0 - SUBJECT ADDED ENTRY--TOPICAL TERM
Topical term or geographic name as entry element Refugees
Form subdivision Comic books, strips, etc.
9 (RLIN) 5717664
650 #0 - SUBJECT ADDED ENTRY--TOPICAL TERM
Topical term or geographic name as entry element Emigration and immigration
Form subdivision Comic books, strips, etc.
9 (RLIN) 6416923
650 #0 - SUBJECT ADDED ENTRY--TOPICAL TERM
Topical term or geographic name as entry element Survival
Form subdivision Comic books, strips, etc.
9 (RLIN) 5803428
600 11 - SUBJECT ADDED ENTRY--PERSONAL NAME
Personal name Gratz, Alan,
Dates associated with a name 1972-
Form subdivision Adaptations.
9 (RLIN) 6552967
650 #1 - SUBJECT ADDED ENTRY--TOPICAL TERM
Topical term or geographic name as entry element Refugees
Form subdivision Fiction.
9 (RLIN) 5700546
650 #1 - SUBJECT ADDED ENTRY--TOPICAL TERM
Topical term or geographic name as entry element Emigration and immigration
Form subdivision Fiction.
9 (RLIN) 5708674
650 #1 - SUBJECT ADDED ENTRY--TOPICAL TERM
Topical term or geographic name as entry element Survival
Form subdivision Fiction.
9 (RLIN) 5673621
650 #1 - SUBJECT ADDED ENTRY--TOPICAL TERM
Topical term or geographic name as entry element Cartoons and comics.
650 #1 - SUBJECT ADDED ENTRY--TOPICAL TERM
Topical term or geographic name as entry element Graphic novels.
655 #7 - INDEX TERM--GENRE/FORM
Genre/form data or focus term Graphic novels.
Source of term lcgft
655 #7 - INDEX TERM--GENRE/FORM
Genre/form data or focus term Graphic novel adaptations.
Source of term lcgft
9 (RLIN) 5803233
655 #7 - INDEX TERM--GENRE/FORM
Genre/form data or focus term Historical comics.
Source of term lcgft
9 (RLIN) 5724239
700 1# - ADDED ENTRY--PERSONAL NAME
Personal name Fini, Syd,
Relator term illustrator.
9 (RLIN) 6552968
700 1# - ADDED ENTRY--PERSONAL NAME
Personal name Kazemifar, Neda,
Relator term colorist.
9 (RLIN) 6552969
700 1# - ADDED ENTRY--PERSONAL NAME
-- Graphic novelization of (work):
Personal name Gratz, Alan,
Dates associated with a name 1972-
Title of a work Refugee.
9 (RLIN) 6552970
776 08 - ADDITIONAL PHYSICAL FORM ENTRY
Display text Online version:
Main entry heading Gratz, Alan.
Title Refugee.
Edition First edition
Place, publisher, and date of publication New York : Graphix, an imprint of Scholastic,, 2025
International Standard Book Number 9781338733983
Record control number (DLC) 2025003352
Holdings
Withdrawn status Lost status Source of classification or shelving scheme Damaged status Not for loan Collection code Home library Current library Shelving location Date acquired Source of acquisition Total Checkouts Total Renewals Full call number Barcode Checked out Date last seen Date checked out Cost, replacement price Price effective from Koha item type
    Dewey Decimal Classification     Junior Graphic Novels Wasatch County Library Wasatch County Library First Floor 10/16/2025 Ingram 3 3 J GN Gratz 34301002169904 03/16/2026 01/17/2026 01/17/2026 24.99 10/16/2025 BOOK
This project was made possible through a grant from the Institute of Museum and Library Service administered by the Utah State Library Division.

Wasatch County Library

  • 465 East 1200 South, Heber City, Utah 84032
  • Phone 435-654-1511 | Fax 435-654-6456

Hours

  • Monday - Friday 9:30 AM - 8:00 PM
  • Saturday 9:30 AM - 1:30 PM
  • Closed Sundays and Holidays